00660cam a2200181 i 4500020001800000020001800018041000800036082001300044100002000057245002000077260002000097300001600117520024300133650002900376650001800405650002900423650002600452 a9780310357643 a9780310357667 aENG00a233bTHA1 aThacker, Jason,14aThe age of AI : bZondervanc2020 a192 pages ; a"In The Age of AI, researcher Jason Thacker explores how the prevalence of artificial intelligence shapes what it means to be human today - and how the fact that we are made in the image of God transforms everything about how we use it"-- 0aTheological anthropology 0aImage of God. 0aArtificial intelligence. 0aReligion and science.